Письма и телеграммы исполнительных комитетов местных Советов рабочих и солдатских депутатов, фронтовых, полковых и гарнизонных к...

Доступно только в Электронных читальных залах Найти на картеНа карте
RUSMARC
00004094nac2a22002651x 450
001afc8fd5d-d4f0-41b9-8342-02548abf0ee8
00520150522070502.0
100##$a20140912l19171917k y0rusy50 ca
1010#$arus
102##$aRU
105##$ay z |||e|
1222#$ad19170630
$ad19171031
2001#$aПисьма и телеграммы исполнительных комитетов местных Советов рабочих и солдатских депутатов, фронтовых, полковых и гарнизонных комитетов и отдельных лиц в отдел по подготовке выборов в Учредительное собрание о зачислении на курсы инструкторов, о присылке на места инструкторов и литературы, о невозможности местных организаций послать своих представителей на курсы и другим вопросам
$jИюнь-октябрь 1917
215##$a189 листов
251##$cДело
300##$aЧасть текста рукописная, часть машинописная
324##$aВ деле имеются копии
330##$aДополнение к описи; Отдел по подготовке выборов в Учредительное собрание: Курсы по подготовке инструкторов по выборам в Учредительное собрание
461#0$1001RuPRLIB510117806
$12001
$aВсероссийский центральный исполнительный комитет советов рабочих и солдатских депутатов I-го созыва
$1251
$cФонд
$1852
$gР
$j6978
462#0$1001b0fd6bf0-8147-487c-a3d9-1c46b2df3e79
$12001
$aВсероссийский центральный исполнительный комитет советов рабочих и солдатских депутатов I-го созыва
$1251
$cФонд
$1852
$j6978
60102$aВсероссийский центральный исполнительный комитет с. р. и с. д. Созыв (1)
60102$3RU\NLR\AUTH\8810361
$aВсероссийское учредительное собрание
$c1918
801#0$aRU
$bGA_RF
801#1$aRU
$bНПО Опыт
$c20140912
$2rusmarc
801#2$aRU
$bПБ им. Б.Н. Ельцина
$c20150522
$gRCR
$2rusmarc
852##$aГА РФ
$j1012
937##$d50931242
$hПБ
035##$aRuPRLIB51016658
Формат отображения